000 00631cam a22002173a 4500
001 14277
003 PGUSA
005 20140828083315.0
008 041206s2004||||xxu|||||s|||||000 | eng d
040 _aPGUSA
_beng
042 _adc
050 4 _aAP
245 1 0 _aPunch, or the London Charivari, Volume 100, April 25, 1891
_h[electronic resource] /
_cVarious
260 _bProject Gutenberg,
_c2004
506 _aPublic domain in the USA.
516 _aElectronic text
653 _aEnglish wit and humor -- Periodicals
830 0 _aProject Gutenberg
_v14277
856 4 0 _uhttp://www.gutenberg.org/ebooks/14277
942 _cEB
999 _c243532
_d243532